[Event "Regionalliga NW 1415"]
[Site "Bayern"]
[Date "2015.04.12"]
[Round "9.1"]
[White "Schricker, Jochen"]
[Black "Lorenz, Mark"]
[Result "0-1"]
[WhiteElo "1977"]
[BlackElo "2097"]
[PlyCount "80"]
[EventDate "2014.10.19"]
[EventType "team-tourn"]
[EventRounds "9"]
[EventCountry "GER"]
[SourceTitle "EXT 2018"]
[Source "ChessBase"]
[SourceDate "2017.10.13"]
[SourceVersion "1"]
[SourceVersionDate "2017.10.13"]
[SourceQuality "1"]
[WhiteTeam "Mainaschaff"]
[BlackTeam "Marktleuthen"]
[WhiteTeamCountry "GER"]
[BlackTeamCountry "GER"]

1. Nf3 Nf6 2. b3 d5 3. Bb2 c6 4. g3 Bf5 5. Bg2 e6 6. 0-0 h6 7. d3 Be7 8. Nbd2 0-0 9. e3 a5 10. a3 Nbd7 11. Qe2 Bh7 12. e4 b5 13. e5 Ne8 14. h3 Qb6 15. Kh2 Nc7 16. Rab1 c5 17. c4 a4 18. Ne1 axb3 19. cxd5 Nxd5 20. Bxd5 exd5 21. Nxb3 Qe6 22. f4 f6 23. Nf3 fxe5 24. fxe5 Nb6 25. Rbc1 Na4 26. Ba1 d4 27. Nbd2 Qa2 28. Rf2 Qxa3 29. Qe1 Qxd3 30. Rd1 Qg6 31. Nb3 Qe4 32. Qf1 Qe3 33. Nbd2 Nc3 34. Re1 Qd3 35. Bxc3 dxc3 36. Qxd3 Bxd3 37. Ne4 b4 38. Kg2 Bxe4 39. Rxe4 b3 40. Rc4 b2 0-1

[Event "Regionalliga NW 1415"]
[Site "Bayern"]
[Date "2014.12.07"]
[Round "4.1"]
[White "Ziegler, Michael"]
[Black "Schricker, Jochen"]
[Result "1/2-1/2"]
[WhiteElo "2138"]
[BlackElo "1977"]
[PlyCount "67"]
[EventDate "2014.10.19"]
[EventType "team-tourn"]
[EventRounds "9"]
[EventCountry "GER"]
[SourceTitle "EXT 2018"]
[Source "ChessBase"]
[SourceDate "2017.10.13"]
[SourceVersion "1"]
[SourceVersionDate "2017.10.13"]
[SourceQuality "1"]
[WhiteTeam "Prichsenstadt"]
[BlackTeam "Mainaschaff"]
[WhiteTeamCountry "GER"]
[BlackTeamCountry "GER"]

1. Nf3 c5 2. c4 Nc6 3. g3 g6 4. Bg2 Bg7 5. 0-0 d6 6. Nc3 e5 7. d3 Nge7 8. Bd2 0-0 9. a3 Rb8 10. Rb1 h6 11. b4 b6 12. Ne1 Bg4 13. h3 Be6 14. b5 Nd4 15. e3 Ndf5 16. Nf3 Nc8 17. e4 Nd4 18. Nxd4 exd4 19. Ne2 Qd7 20. Nf4 Ne7 21. Nxe6 fxe6 22. Kh2 d5 23. Rc1 dxc4 24. dxc4 e5 25. h4 Qd6 26. Qb3 Rf7 27. Qd3 Rbf8 28. f3 Nc8 29. a4 Qe7 30. Bh3 Nd6 31. Kg2 Rf6 32. Rf2 Kh7 33. Rc2 R6f7 34. Bc1 1/2-1/2

[Event "Regionalliga NW 1415"]
[Site "Bayern"]
[Date "2014.11.09"]
[Round "2.1"]
[White "Schricker, Jochen"]
[Black "Lang, Stefan1"]
[Result "1/2-1/2"]
[WhiteElo "1977"]
[BlackElo "2118"]
[PlyCount "23"]
[EventDate "2014.10.19"]
[EventType "team-tourn"]
[EventRounds "9"]
[EventCountry "GER"]
[SourceTitle "EXT 2018"]
[Source "ChessBase"]
[SourceDate "2017.10.13"]
[SourceVersion "1"]
[SourceVersionDate "2017.10.13"]
[SourceQuality "1"]
[WhiteTeam "Mainaschaff"]
[BlackTeam "Bad Neustadt"]
[WhiteTeamCountry "GER"]
[BlackTeamCountry "GER"]

1. Nf3 c5 2. c4 Nc6 3. b3 e5 4. d3 Be7 5. Bb2 d6 6. Nc3 f5 7. g3 Nf6 8. Bg2 0-0 9. 0-0 Qe8 10. e3 Qh5 11. Nd2 Qh6 12. Nd5 1/2-1/2

[Event "Regionalliga NW 1112"]
[Site "Bayern"]
[Date "2012.02.05"]
[Round "6.2"]
[White "Schricker, Jochen"]
[Black "Kuhn, Norbert"]
[Result "1/2-1/2"]
[WhiteElo "2043"]
[BlackElo "2044"]
[PlyCount "115"]
[EventDate "2011.10.02"]
[EventType "team-tourn"]
[EventRounds "9"]
[EventCountry "GER"]
[SourceTitle "EXT 2013"]
[Source "ChessBase"]
[SourceDate "2012.11.22"]
[SourceVersion "1"]
[SourceVersionDate "2012.11.22"]
[SourceQuality "1"]
[WhiteTeam "Mainaschaff"]
[BlackTeam "Wuerzburg II"]
[WhiteTeamCountry "GER"]
[BlackTeamCountry "GER"]

1. f4 d5 2. Nf3 Nf6 3. e3 Bf5 4. b3 e6 5. Bb2 Be7 6. Be2 h6 7. 0-0 Nbd7 8. Ne5 c6 9. Bd3 Bxd3 10. cxd3 Qc7 11. d4 g6 12. Nc3 h5 13. Rc1 Nb6 14. a3 a5 15. d3 Bd6 16. h3 Qe7 17. Ra1 h4 18. Qd2 Nh5 19. Ne2 a4 20. b4 Rg8 21. Nf3 Bc7 22. e4 dxe4 23. dxe4 Nc4 24. Qc3 Nxb2 25. Qxb2 Nxf4 26. Nxf4 Bxf4 27. b5 c5 28. Kh1 Be3 29. dxc5 Bxc5 30. Qc3 Bb6 31. Rad1 Rd8 32. Ne5 Rxd1 33. Rxd1 Qc5 34. Qxc5 Bxc5 35. Rc1 b6 36. Nd3 Kd7 37. Nxc5+ bxc5 38. Rxc5 Rc8 39. Rg5 Rc3 40. Rg4 Rxa3 41. e5 Ra1+ 42. Kh2 g5 43. Rc4 a3 44. b6 a2 45. Rc7+ Kd8 46. Rxf7 Kc8 47. Rc7+ Kb8 48. Ra7 Re1 49. Rxa2 Kb7 50. Rb2 Rxe5 51. g3 Re3 52. gxh4 gxh4 53. Rb4 Re2+ 54. Kg1 e5 55. Rxh4 Kxb6 56. Rc4 Kb5 57. Rc8 e4 58. h4 1/2-1/2

[Event "Regionalliga NW 1112"]
[Site "Bayern"]
[Date "2011.12.11"]
[Round "4.1"]
[White "Schindler, Viktor"]
[Black "Schricker, Jochen"]
[Result "0-1"]
[WhiteElo "2137"]
[BlackElo "2043"]
[PlyCount "72"]
[EventDate "2011.10.02"]
[EventType "team-tourn"]
[EventRounds "9"]
[EventCountry "GER"]
[SourceTitle "EXT 2013"]
[Source "ChessBase"]
[SourceDate "2012.11.22"]
[SourceVersion "1"]
[SourceVersionDate "2012.11.22"]
[SourceQuality "1"]
[WhiteTeam "Hof"]
[BlackTeam "Mainaschaff"]
[WhiteTeamCountry "GER"]
[BlackTeamCountry "GER"]

1. e4 c5 2. Nf3 g6 3. c3 Bg7 4. d4 cxd4 5. cxd4 d5 6. e5 Bg4 7. Nbd2 Nc6 8. h3 Bxf3 9. Nxf3 Qb6 10. a3 Nh6 11. b4 0-0 12. b5 Na5 13. Bf4 e6 14. Be2 Rac8 15. h4 Nc4 16. h5 Nf5 17. g4 Ne7 18. a4 f6 19. exf6 Bxf6 20. Bh6 Rf7 21. Rc1 e5 22. dxe5 Bxe5 23. Bg5 Qe6 24. Nd4 Qb6 25. Nf3 Bf4 26. Bxf4 Rxf4 27. hxg6 hxg6 28. Qb3 Qe6 29. Ng5 Qe5 30. Nh3 Re4 31. Ng1 Rf8 32. Qh3 Kf7 33. Qh7+ Ke8 34. Rh3 Qd4 35. Qh6 Qxf2+ 36. Kd1 Qxg1+ 0-1

[Event "Regionalliga NW 1011"]
[Site "Bayern"]
[Date "2010.10.10"]
[Round "1.3"]
[White "Schricker, Jochen"]
[Black "Strobel, Walter"]
[Result "1/2-1/2"]
[WhiteElo "2023"]
[BlackElo "2107"]
[PlyCount "108"]
[EventDate "2010.10.10"]
[EventType "team-tourn"]
[EventRounds "9"]
[EventCountry "GER"]
[SourceTitle "EXT 2012"]
[Source "ChessBase"]
[SourceDate "2011.11.24"]
[SourceVersion "1"]
[SourceVersionDate "2011.11.24"]
[SourceQuality "1"]
[WhiteTeam "Mainaschaff"]
[BlackTeam "Klingenberg"]
[WhiteTeamCountry "GER"]
[BlackTeamCountry "GER"]

1. Nf3 d5 2. b3 Nf6 3. Bb2 c6 4. e3 Bg4 5. h3 Bh5 6. Be2 Nbd7 7. Ne5 Bxe2 8. Qxe2 e6 9. 0-0 Nxe5 10. Bxe5 Bd6 11. f4 Qe7 12. d3 0-0 13. Nd2 Bb4 14. Nf3 Nd7 15. Bb2 a5 16. a3 Bc5 17. Kh2 f6 18. e4 Rfe8 19. e5 f5 20. d4 Bb6 21. c4 a4 22. c5 Bd8 23. b4 b5 24. cxb6 Nxb6 25. Nd2 Qd7 26. Rac1 Be7 27. Rc3 Bf8 28. g4 g6 29. gxf5 exf5 30. Rg1 Bh6 31. Qf2 Rac8 32. Bc1 Qe7 33. h4 Kh8 34. Rh3 Qf7 35. Nf3 Nc4 36. Kg2 Re6 37. Kf1 Rg8 38. Rgh1 Qb7 39. h5 Qb5 40. Qe2 Rg7 41. hxg6 Rgxg6 42. Nh4 Bf8 43. Nxg6+ Rxg6 44. Rxh7+ Kg8 45. e6 Bg7 46. e7 Nd6 47. Qxb5 cxb5 48. R7h5 Re6 49. Rg1 Rxe7 50. Rg6 Rd7 51. Be3 Nc4 52. Bc1 Nd6 53. Be3 Nc4 54. Bc1 Nd6 1/2-1/2

[Event "Unterfranken-ch M1 56th"]
[Site "Stetten"]
[Date "2005.04.01"]
[Round "8"]
[White "Mueller, Siegmund"]
[Black "Schricker, Jochen"]
[Result "1-0"]
[WhiteElo "2006"]
[BlackElo "1966"]
[PlyCount "73"]
[EventDate "2005.03.28"]
[EventType "swiss"]
[EventRounds "9"]
[EventCountry "GER"]
[SourceTitle "EXT 2015"]
[Source "ChessBase"]
[SourceDate "2014.11.20"]
[SourceVersion "1"]
[SourceVersionDate "2014.11.20"]
[SourceQuality "1"]

1. d4 g6 2. c4 Bg7 3. Nc3 c5 4. Nf3 Nf6 5. e3 0-0 6. Be2 d6 7. 0-0 Nc6 8. h3 b6 9. d5 Nb8 10. Nh2 Bb7 11. f4 e6 12. g4 exd5 13. Bf3 Nc6 14. cxd5 Nb4 15. a3 Na6 16. f5 Nd7 17. Bg2 Be5 18. e4 g5 19. Nf3 f6 20. Kf2 Kg7 21. Rh1 h6 22. Be3 Nc7 23. Qd2 Qe7 24. h4 Bxc3 25. bxc3 Ne5 26. Nxe5 Qxe5 27. hxg5 Rh8 28. g6 Nb5 29. Bxh6+ Kg8 30. Rh3 Re8 31. Rah1 Nxa3 32. Bf4 Rxh3 33. Bxe5 Rxh1 34. Bxh1 dxe5 35. Qh6 Re7 36. Qh4 Kg7 37. Qh7+ 1-0

[Event "Unterfranken-ch M1 56th"]
[Site "Stetten"]
[Date "2005.03.28"]
[Round "1"]
[White "Breitenbach, Joachim"]
[Black "Schricker, Jochen"]
[Result "1/2-1/2"]
[WhiteElo "1858"]
[BlackElo "1966"]
[PlyCount "28"]
[EventDate "2005.03.28"]
[EventType "swiss"]
[EventRounds "9"]
[EventCountry "GER"]
[SourceTitle "EXT 2015"]
[Source "ChessBase"]
[SourceDate "2014.11.20"]
[SourceVersion "1"]
[SourceVersionDate "2014.11.20"]
[SourceQuality "1"]

1. e4 d5 2. exd5 Nf6 3. d4 Nxd5 4. Nf3 Bg4 5. Be2 e6 6. 0-0 Be7 7. c4 Nb6 8. Be3 Nc6 9. d5 exd5 10. Bxb6 axb6 11. cxd5 Bxf3 12. Bxf3 Ne5 13. Be4 0-0 14. Nc3 g6 1/2-1/2

[Event "Karl Mala Memorial op 08th"]
[Site "Frankfurt"]
[Date "2004.07.24"]
[Round "4"]
[White "Jamali, Wahid"]
[Black "Schricker, Jochen"]
[Result "0-1"]
[WhiteElo "1623"]
[BlackElo "1941"]
[PlyCount "108"]
[EventDate "2004.07.22"]
[EventType "swiss"]
[EventRounds "7"]
[EventCountry "GER"]
[SourceTitle "EXT 2005"]
[Source "ChessBase"]
[SourceDate "2004.11.15"]
[SourceVersion "1"]
[SourceVersionDate "2004.11.15"]
[SourceQuality "1"]

1. e4 c5 2. Nf3 Nc6 3. d4 cxd4 4. Nxd4 Nf6 5. Nc3 e5 6. Ndb5 d6 7. Be2 a6 8. Na3 b5 9. Nd5 Be6 10. Bg5 Bxd5 11. exd5 Ne7 12. Bxf6 gxf6 13. Nxb5 Qa5+ 14. Nc3 Rb8 15. 0-0 f5 16. Rb1 Bg7 17. Qd3 Rb6 18. Rfd1 0-0 19. a3 Rbb8 20. Qxa6 Qxa6 21. Bxa6 e4 22. Ne2 Rb6 23. Bc4 Rxb2 24. Rxb2 Bxb2 25. a4 Ra8 26. Bb5 Kg7 27. c4 Ba3 28. Nd4 Bc5 29. Nb3 Bb4 30. Kf1 Kf6 31. Ke2 Ke5 32. f3 h5 33. Rf1 h4 34. fxe4 Kxe4 35. Rf3 f4 36. Nd2+ Bxd2 37. Kxd2 Rg8 38. Rf2 Nf5 39. a5 Nd4 40. a6 Rb8 41. Kc3 Nxb5+ 42. cxb5 Rxb5 43. Ra2 Rb8 44. a7 Ra8 45. Kc4 h3 46. Re2+ Kf5 47. gxh3 Rxa7 48. Kd3 Ra3+ 49. Kd2 Ra5 50. Re7 Rxd5+ 51. Ke2 Re5+ 52. Rxe5+ dxe5 53. Kf3 e4+ 54. Kg2 Kg5 0-1

[Event "Karl Mala Memorial op 08th"]
[Site "Frankfurt"]
[Date "2004.07.23"]
[Round "2"]
[White "Bernhardt, Michael"]
[Black "Schricker, Jochen"]
[Result "1/2-1/2"]
[WhiteElo "1888"]
[BlackElo "1941"]
[PlyCount "69"]
[EventDate "2004.07.22"]
[EventType "swiss"]
[EventRounds "7"]
[EventCountry "GER"]
[SourceTitle "EXT 2005"]
[Source "ChessBase"]
[SourceDate "2004.11.15"]
[SourceVersion "1"]
[SourceVersionDate "2004.11.15"]
[SourceQuality "1"]

1. c4 c6 2. Nc3 d5 3. d4 Nf6 4. Nf3 e6 5. Bg5 Nbd7 6. e3 Bb4 7. Rc1 Qa5 8. Qb3 Ne4 9. cxd5 exd5 10. Bd3 0-0 11. 0-0 h6 12. Bh4 Bxc3 13. bxc3 Ndf6 14. Bxf6 Nxf6 15. c4 Rb8 16. cxd5 Qxd5 17. Bc4 Qe4 18. Ne5 Nd5 19. Bxd5 Qxd5 20. Qxd5 cxd5 21. Rc7 Be6 22. h3 Rfc8 23. Rfc1 a6 24. f4 g6 25. g4 Rxc7 26. Rxc7 Rc8 27. Rxb7 Rc2 28. a4 Ra2 29. Ra7 Rxa4 30. Nc6 Kg7 31. Kf2 Ra2+ 32. Kf3 Rh2 33. Kg3 Re2 34. Kf3 Rh2 35. Kg3 1/2-1/2

[Event "Karl Mala Memorial op 08th"]
[Site "Frankfurt"]
[Date "2004.07.23"]
[Round "3"]
[White "Schricker, Jochen"]
[Black "Schaar, Andreas"]
[Result "1/2-1/2"]
[WhiteElo "1941"]
[BlackElo "1863"]
[PlyCount "77"]
[EventDate "2004.07.22"]
[EventType "swiss"]
[EventRounds "7"]
[EventCountry "GER"]
[SourceTitle "EXT 2005"]
[Source "ChessBase"]
[SourceDate "2004.11.15"]
[SourceVersion "1"]
[SourceVersionDate "2004.11.15"]
[SourceQuality "1"]

1. f4 d5 2. Nf3 Nf6 3. e3 c5 4. b3 Nc6 5. Bb5 Bd7 6. 0-0 e6 7. Bb2 Be7 8. Bxc6 Bxc6 9. Ne5 Qc7 10. d3 0-0 11. Nd2 b5 12. Rf3 c4 13. Rh3 Rfd8 14. Ndf3 Nd7 15. Nxd7 Bxd7 16. Ne5 g6 17. Bd4 f6 18. Qg4 fxe5 19. Bxe5 Qb7 20. Rxh7 Kxh7 21. Qh3+ Bh4 22. Qxh4+ Kg8 23. Qh8+ Kf7 24. Qg7+ Ke8 25. Qxg6+ Ke7 26. Qf6+ Ke8 27. Bd6 Bc8 28. Qf8+ Kd7 29. Qe7+ Kc6 30. Qxd8 Bd7 31. Qf6 Kxd6 32. bxc4 Rg8 33. cxd5 Qxd5 34. e4 Qc5+ 35. Kh1 Qxc2 36. Rg1 Rxg2 37. Rxg2 Qd1+ 38. Rg1 Qf3+ 39. Rg2 1/2-1/2

[Event "Unterfranken-ch M1 54th"]
[Site "Moembris"]
[Date "2003.04.26"]
[Round "9"]
[White "Schricker, Jochen"]
[Black "Zakurdjaeva, Irina"]
[Result "1-0"]
[WhiteElo "1973"]
[BlackElo "2304"]
[PlyCount "109"]
[EventDate "2003.04.21"]
[EventType "swiss"]
[EventRounds "9"]
[EventCountry "GER"]
[SourceTitle "EXT 2015"]
[Source "ChessBase"]
[SourceDate "2014.11.20"]
[SourceVersion "1"]
[SourceVersionDate "2014.11.20"]
[SourceQuality "1"]

1. f4 d5 2. Nf3 c5 3. e3 Nc6 4. Bb5 Qb6 5. Bxc6+ bxc6 6. 0-0 Nf6 7. d3 e6 8. b3 Be7 9. Nc3 0-0 10. Ne5 Nd7 11. Na4 Qc7 12. Nxd7 Qxd7 13. c4 Bd6 14. Ba3 Qe7 15. e4 e5 16. f5 Bd7 17. Qf3 Rfd8 18. Qf2 Be8 19. Rad1 f6 20. g4 d4 21. Kh1 Bf7 22. Rg1 Kf8 23. Rdf1 Ke8 24. g5 fxg5 25. f6 gxf6 26. Qxf6 Qxf6 27. Rxf6 Ke7 28. Rgf1 Rf8 29. Bxc5 Bxc5 30. Nxc5 Bg8 31. Rxf8 Rxf8 32. Rxf8 Kxf8 33. Nd7+ Ke7 34. Nxe5 Kd6 35. Nf3 Kc5 36. a3 h6 37. b4+ Kd6 38. Nxd4 c5 39. Nb5+ Ke5 40. Nxa7 Kd4 41. bxc5 Kxc5 42. Nb5 Be6 43. Kg2 h5 44. Kf3 h4 45. a4 g4+ 46. Kg2 Kb4 47. Nc7 Bd7 48. Nd5+ Kc5 49. a5 Kd4 50. a6 Bc6 51. Kf2 Ba8 52. a7 Kxd3 53. e5 g3+ 54. hxg3 h3 55. Kg1 1-0

[Event "Unterfranken-ch M1 54th"]
[Site "Moembris"]
[Date "2003.04.25"]
[Round "7"]
[White "Schricker, Jochen"]
[Black "Krenz, Dieter"]
[Result "1-0"]
[WhiteElo "1973"]
[BlackElo "1836"]
[PlyCount "37"]
[EventDate "2003.04.21"]
[EventType "swiss"]
[EventRounds "9"]
[EventCountry "GER"]
[SourceTitle "EXT 2015"]
[Source "ChessBase"]
[SourceDate "2014.11.20"]
[SourceVersion "1"]
[SourceVersionDate "2014.11.20"]
[SourceQuality "1"]

1. Nf3 Nf6 2. b3 c5 3. Bb2 d5 4. e3 e6 5. Ne5 Bd6 6. f4 0-0 7. Bd3 Qc7 8. 0-0 Nbd7 9. Nxd7 Nxd7 10. Bxh7+ Kxh7 11. Qh5+ Kg8 12. Bxg7 f5 13. Qg6 Rf7 14. Bh6+ Kh8 15. Qxf7 Nb6 16. Qe8+ Kh7 17. Qh5 Bd7 18. Qf7+ Kxh6 19. Rf3 1-0

[Event "Unterfranken-ch M1 54th"]
[Site "Moembris"]
[Date "2003.04.23"]
[Round "5"]
[White "Schricker, Jochen"]
[Black "Sternheimer, Erhard"]
[Result "0-1"]
[WhiteElo "1973"]
[BlackElo "2125"]
[PlyCount "50"]
[EventDate "2003.04.21"]
[EventType "swiss"]
[EventRounds "9"]
[EventCountry "GER"]
[SourceTitle "EXT 2015"]
[Source "ChessBase"]
[SourceDate "2014.11.20"]
[SourceVersion "1"]
[SourceVersionDate "2014.11.20"]
[SourceQuality "1"]

1. f4 d5 2. Nf3 e6 3. e3 Bd6 4. b3 Ne7 5. Bb2 0-0 6. Bd3 f6 7. 0-0 c5 8. Qe1 Nbc6 9. Qh4 Nf5 10. Bxf5 exf5 11. Nc3 Be6 12. Ne2 Bf7 13. g4 fxg4 14. Qxg4 h5 15. Qg2 Kh7 16. Kh1 Ne7 17. Rg1 Rg8 18. Nh4 Qd7 19. Raf1 Rad8 20. f5 g5 21. fxg6+ Nxg6 22. Qf3 Nxh4 23. Qxf6 Bg6 24. d3 Qh3 25. Ng3 Rdf8 0-1

[Event "Unterfranken-ch M1 54th"]
[Site "Moembris"]
[Date "2003.04.21"]
[Round "1"]
[White "Vogt, Thomas"]
[Black "Schricker, Jochen"]
[Result "1/2-1/2"]
[WhiteElo "2007"]
[BlackElo "1973"]
[PlyCount "56"]
[EventDate "2003.04.21"]
[EventType "swiss"]
[EventRounds "9"]
[EventCountry "GER"]
[SourceTitle "EXT 2015"]
[Source "ChessBase"]
[SourceDate "2014.11.20"]
[SourceVersion "1"]
[SourceVersionDate "2014.11.20"]
[SourceQuality "1"]

1. e4 d5 2. exd5 Nf6 3. d4 Nxd5 4. Nf3 Bg4 5. Be2 e6 6. 0-0 Nc6 7. c3 Be7 8. Qb3 Rb8 9. Rd1 0-0 10. c4 Nf6 11. Be3 Qc8 12. Nc3 b6 13. Qa4 Qb7 14. d5 Bxf3 15. Bxf3 Ne5 16. Be2 Rbd8 17. dxe6 fxe6 18. h3 Ne4 19. Qc2 Nxc3 20. Qxc3 Bf6 21. Qc2 c5 22. Rxd8 Rxd8 23. Rd1 Rxd1+ 24. Qxd1 Qd7 25. Qxd7 Nxd7 26. b3 Kf7 27. Kf1 Bd4 28. Bf4 Be5 1/2-1/2

[Event "Unterfranken-ch M1 53th"]
[Site "Wuerzburg"]
[Date "2002.??.??"]
[Round "4"]
[White "Jahrsdoerfer, Gerd"]
[Black "Schricker, Jochen"]
[Result "0-1"]
[WhiteElo "2074"]
[BlackElo "1954"]
[PlyCount "96"]
[EventDate "2002.04.01"]
[EventType "swiss"]
[EventRounds "9"]
[EventCountry "GER"]
[SourceTitle "EXT 2015"]
[Source "ChessBase"]
[SourceDate "2014.11.20"]
[SourceVersion "1"]
[SourceVersionDate "2014.11.20"]
[SourceQuality "1"]

1. e4 d5 2. exd5 Nf6 3. Bb5+ Bd7 4. Bc4 Bg4 5. f3 Bf5 6. Nc3 Nbd7 7. d3 a6 8. Be3 b5 9. Bb3 Nb6 10. Bxb6 cxb6 11. a3 Bc8 12. Qe2 Bb7 13. Qe5 g6 14. Nge2 Bg7 15. d6 e6 16. 0-0 0-0 17. Qe3 Qxd6 18. d4 Rad8 19. Rad1 b4 20. axb4 Qxb4 21. Na2 Qd6 22. c4 h5 23. Nac3 Kh7 24. Ne4 Bxe4 25. fxe4 Qxh2+ 26. Kxh2 Ng4+ 27. Kg1 Nxe3 28. Rd3 Nxf1 29. Kxf1 Rd6 30. Rd2 f5 31. exf5 Rxf5+ 32. Kg1 Bh6 33. Rd3 e5 34. d5 h4 35. Bc2 Rf8 36. b4 Rc8 37. Bb3 e4 38. Rc3 Bd2 39. Rh3 Bxb4 40. Rxh4+ Kg7 41. Rxe4 Bc5+ 42. Kf1 Rf6+ 43. Ke1 Rcf8 44. Kd2 Rf2 45. g4 a5 46. Ba4 R8f7 47. Kd3 R7f3+ 48. Kc2 Ra3 0-1

[Event "Unterfranken-ch M1 53th"]
[Site "Wuerzburg"]
[Date "2002.??.??"]
[Round "7"]
[White "Schneider, Armin"]
[Black "Schricker, Jochen"]
[Result "0-1"]
[WhiteElo "1744"]
[BlackElo "1954"]
[PlyCount "56"]
[EventDate "2002.04.01"]
[EventType "swiss"]
[EventRounds "9"]
[EventCountry "GER"]
[SourceTitle "EXT 2015"]
[Source "ChessBase"]
[SourceDate "2014.11.20"]
[SourceVersion "1"]
[SourceVersionDate "2014.11.20"]
[SourceQuality "1"]

1. e4 d5 2. exd5 Nf6 3. d4 Nxd5 4. c4 Nb6 5. Nf3 g6 6. h3 Bg7 7. Nc3 0-0 8. Be3 Nc6 9. Qd2 e5 10. d5 Na5 11. b3 e4 12. Nd4 c5 13. Nc2 Nd7 14. Rd1 f5 15. Be2 f4 16. Bxf4 Bxc3 17. Qxc3 Rxf4 18. 0-0 b6 19. Qe3 Qf8 20. g3 Rf7 21. Qxe4 Re7 22. Qd3 Ne5 23. Qd2 Bxh3 24. d6 Nf3+ 25. Bxf3 Qxf3 26. Qd5+ Qxd5 27. Rxd5 Rd7 28. Re1 Rad8 0-1

[Event "Unterfranken-ch M1 53th"]
[Site "Wuerzburg"]
[Date "2002.??.??"]
[Round "8"]
[White "Schricker, Jochen"]
[Black "Sternheimer, Erhard"]
[Result "0-1"]
[WhiteElo "1954"]
[BlackElo "2092"]
[PlyCount "62"]
[EventDate "2002.04.01"]
[EventType "swiss"]
[EventRounds "9"]
[EventCountry "GER"]
[SourceTitle "EXT 2015"]
[Source "ChessBase"]
[SourceDate "2014.11.20"]
[SourceVersion "1"]
[SourceVersionDate "2014.11.20"]
[SourceQuality "1"]

1. Nf3 Nf6 2. g3 c5 3. Bg2 d5 4. d4 Nc6 5. 0-0 e6 6. c4 dxc4 7. dxc5 Qxd1 8. Rxd1 Bxc5 9. Nbd2 0-0 10. Nxc4 Ne4 11. e3 Rd8 12. Bd2 Nxd2 13. Nfxd2 Bd7 14. Ne4 Be7 15. Ned6 Rab8 16. Rac1 Kf8 17. b3 a6 18. a4 Bxd6 19. Rxd6 Be8 20. Rcd1 Ke7 21. Rxd8 Rxd8 22. Rxd8 Nxd8 23. f4 b5 24. axb5 Bxb5 25. Nd2 Kd6 26. b4 Nc6 27. Bxc6 Kxc6 28. e4 Bd3 29. Kf2 Kb5 30. Ke3 Bc2 31. Kd4 Kxb4 0-1

[Event "Unterfranken-ch M1 52th"]
[Site "Massbach"]
[Date "2001.??.??"]
[Round "?"]
[White "Markert, Markus"]
[Black "Schricker, Jochen"]
[Result "0-1"]
[WhiteElo "1784"]
[BlackElo "1913"]
[PlyCount "100"]
[EventDate "2001.04.16"]
[EventType "swiss"]
[EventRounds "9"]
[EventCountry "GER"]
[SourceTitle "EXT 2015"]
[Source "ChessBase"]
[SourceDate "2014.11.20"]
[SourceVersion "1"]
[SourceVersionDate "2014.11.20"]
[SourceQuality "1"]

1. e4 d5 2. exd5 Nf6 3. d4 Nxd5 4. Nf3 g6 5. c3 Bg7 6. Be2 0-0 7. 0-0 Bg4 8. h3 Bxf3 9. Bxf3 c6 10. Qb3 Nb6 11. Bf4 N8d7 12. Re1 Re8 13. Na3 e5 14. dxe5 Nxe5 15. Be2 Nd3 16. Bxd3 Qxd3 17. Re3 Qd5 18. c4 Qd4 19. Rae1 Rxe3 20. Bxe3 Qxb2 21. Rb1 Qc3 22. Qxc3 Bxc3 23. c5 Nd5 24. Rxb7 Nxe3 25. fxe3 Rd8 26. Nc4 Be1 27. g4 Rd1 28. Kg2 Rc1 29. Nd6 Rxc5 30. Rxa7 Rc2+ 31. Kf3 Bh4 32. Ke4 Rh2 33. Nxf7 Rxh3 34. a4 Bf2 35. Ng5 Rxe3+ 36. Kf4 Re4+ 37. Nxe4 Bxa7 38. g5 Kg7 39. a5 h5 40. a6 Bb8+ 41. Ke3 Kf7 42. Kd3 Ke6 43. Kc4 Ba7 44. Nd2 h4 45. Nf3 h3 46. Kd3 Kf5 47. Ke2 Kf4 48. Nh2 Kg3 49. Nf1+ Kg2 50. Nd2 h2 0-1

[Event "Unterfranken-ch M1 52th"]
[Site "Massbach"]
[Date "2001.??.??"]
[Round "?"]
[White "Schricker, Jochen"]
[Black "Jahrsdoerfer, Gerd"]
[Result "1/2-1/2"]
[WhiteElo "1913"]
[BlackElo "2061"]
[PlyCount "46"]
[EventDate "2001.04.16"]
[EventType "swiss"]
[EventRounds "9"]
[EventCountry "GER"]
[SourceTitle "EXT 2015"]
[Source "ChessBase"]
[SourceDate "2014.11.20"]
[SourceVersion "1"]
[SourceVersionDate "2014.11.20"]
[SourceQuality "1"]

1. c4 c6 2. d4 d5 3. Nf3 Nf6 4. Nc3 e6 5. e3 Nbd7 6. Be2 dxc4 7. Bxc4 b5 8. Bd3 Bb7 9. 0-0 Be7 10. a3 a5 11. Bd2 0-0 12. Qe2 b4 13. axb4 axb4 14. Ne4 Qb6 15. Rfc1 Rxa1 16. Rxa1 c5 17. Nxc5 Nxc5 18. dxc5 Bxc5 19. Be1 Rd8 20. Bc4 Qc6 21. Rd1 Ra8 22. Qd3 Rc8 23. b3 Ne4 1/2-1/2